000 00786nam a2200181 i 4500
001 40018
003 ES-MaACL
005 20250819063035.0
007 t|
008 030304s1916 mx ||||1| spa d
100 1 _aCarranza, Venustiano,
_d1859-1920
_935508
245 1 0 _aInforme leído por el primer Jefe del Ejército Constitucionalista encargado del poder ejecutivo de la Unión, ante el Congreso Constituyenye de Querétaro, el 1º de diciembre de 1916, y proyecto de reformas a la Constitución política de 1857 /
_c[Venustiano Carranza].
260 _aMéxico :
_bImprenta de la Secretaría de Gobernación,
_c1916.
300 _a141 p. ;
_c21 cm.
651 4 _aMéxico-
_xHistoria constitucional.
_9157433
852 _aES-MaACL
_j1598-F-20
999 _c40018
_d40018